[Event "Novokuznetsk SFO-ch U19 Girls"]
[Site "Novokuznetsk"]
[Date "2014.11.03"]
[Round "2"]
[White "Konkova, Margarita"]
[Black "Koshevaya, Anna"]
[Result "0-1"]
[WhiteElo "800"]
[BlackElo "1739"]
[PlyCount "66"]
[EventDate "2014.11.02"]
[EventType "swiss"]
[EventRounds "9"]
[EventCountry "RUS"]
[SourceTitle "CBM 163 Extra"]
[Source "ChessBase"]
[SourceDate "2014.12.23"]
[SourceVersion "1"]
[SourceVersionDate "2014.12.23"]
[SourceQuality "1"]

1. c4 Nf6 2. Nc3 e6 3. Nf3 d5 4. cxd5 exd5 5. e3 Bg4 6. g3 c6 7. Bg2 g6 8. 0-0 Bg7 9. Qb3 Qc7 10. d3 0-0 11. e4 dxe4 12. dxe4 Nfd7 13. Bf4 Qc8 14. Nh4 Na6 15. h3 Ndc5 16. Qa3 Bxh3 17. Bd6 Bxg2 18. Nxg2 Bxc3 19. Bxf8 Qxf8 20. Qxc3 Nxe4 21. Qc4 Nd2 22. Qc3 Nxf1 23. Rxf1 Rd8 24. Ne3 Nc5 25. Ng4 Ne6 26. Nf6+ Kh8 27. Nd7+ Qg7 28. Nf6 Nd4 29. Qa5 Qxf6 30. Qxa7 Qf3 31. Qb6 Ne2+ 32. Kh2 Rd5 33. Qxb7 Rh5# 0-1